|
|
|
|
| LEADER |
01335ppm a22003138a 4500 |
| 001 |
00031582 |
| 005 |
20171026081023.0 |
| 008 |
131226s2011 ||||||viesd |
| 041 |
0 |
# |
|a vie
|
| 082 |
1 |
4 |
|b PH431C
|a 895.922 100 9
|
| 100 |
0 |
# |
|a Ngô, Hoàng Nam
|
| 245 |
1 |
0 |
|a Phong cách nghệ thuật thơ Xuân Diệu trước cách cách mạng tháng tám năm 1945
|b Khóa luận tốt nghiệp : Ngành Sư phạm Ngữ văn: Trình độ : Đại học
|c Ngô Hoàng Nam, Võ Thị Hoài Thương; Nguyễn Phước Hiểu (hướng dẫn)
|
| 260 |
# |
# |
|a Đồng Tháp
|b Trường Đại học Đồng Tháp
|c 2011
|
| 300 |
# |
# |
|a 80 tr.
|c 30 cm.
|
| 500 |
# |
# |
|a ĐTTTS ghi: Bộ Giáo dục và Đào tạo. Trường Đại học Đồng Tháp
|
| 600 |
1 |
4 |
|a Xuân, Diệu
|
| 650 |
|
|
|a Nghiên cứu văn học
|y Trước 1945
|z Việt Nam
|
| 653 |
# |
# |
|a Phong cách nghệ thuật
|
| 653 |
# |
# |
|a Thơ
|
| 700 |
1 |
# |
|a Nguyễn, Phước Hiểu
|e hướng dẫn
|
| 700 |
1 |
# |
|a Võ, Thị Hoài Thương
|
| 852 |
# |
# |
|b Kho đọc
|j KD.0015219
|
| 852 |
# |
# |
|j KD.0015219
|
| 910 |
# |
# |
|d 26/12/2013
|
| 980 |
# |
# |
|a Trung tâm Học liệu Lê Vũ Hùng, Trường Đại học Đồng Tháp
|